| 000 | 01160nam a2200289 i 4500 | ||
|---|---|---|---|
| 003 | EG-GICUC | ||
| 005 | 20260226170217.0 | ||
| 008 | 260226s2002 ts ||||f |||| 00| 0 ara d | ||
| 040 |
_a EG-GICUC _c EG-GICUC _d EG-GICUC _erda _bara |
||
| 041 | 0 | _aara | |
| 082 | 0 | 4 |
_221 _a341.71 _bع ب . د |
| 092 | 0 | 4 | _221 |
| 099 | _aLaw1 11 341.71 ع ب . د 2002 | ||
| 100 | 0 |
_aعبدالله رمزي _eمؤلف. |
|
| 245 | 1 | 0 |
_aدور اليهود الصهاينة في تشكيل صورة العرب في الثقافة الغربية / _cعبدالله رمزي . |
| 264 | 1 |
_aالإمارات العربية المتحدة : _bمركز زايد للتنسيق و المتابعة ، _c2002 . |
|
| 300 |
_a80 صفحة ؛ _c24 سم |
||
| 336 |
_2rda content _atext |
||
| 337 |
_2rda media _aComputer |
||
| 338 |
_2rda carrier _aOnline Resource |
||
| 546 | _aالنص أغلبه باللغة العربية مع بعض النصوص الإنجليزية | ||
| 650 | 0 | 4 | _aالقانون الدولي العام |
| 650 | 0 | 4 | _aالسياسة الدولية |
| 856 | 4 | 0 | _uhttps://fll.law.cu.edu.eg/fulltext/bks/B11-07135.pdf |
| 905 | _a59 | ||
| 942 |
_2ddc _cBK _e21 _n0 |
||
| 999 |
_c64267 _d64267 |
||